000 00769nam a2200241Ia 4500
003 OSt
005 20220923220408.0
006 a|||||r|||| 00| 0
007 ta
008 220922b |||||||| |||| 00| 0 hin d
024 _a186,351
037 _cTextual
040 _aARTS
_cARTS
_bhin
041 _2hin
_ahin
082 _aY:1.2, 152L0
100 _aबुद्ध प्रकाश
_9156318
245 0 _aभारतीय धर्म एंव संस्कृति
246 _aBhāratīya dharma eanva sanskṛuti
260 _aमेरठ
_b मीनाक्षी प्रकाशन
_c1970
300 _a301 पृ.
_ccm.
942 _hY:1.2, 152L0
_cTEXL
_2CC
999 _c339595
_d339595